000 00420nam a2200181Ia 4500
001 24111
005 20260414151021.0
008 260414t9999||||xx |||||||||||||| ||spa||
041 _aESP
082 _a780.92
_bH49
100 _aHevesy, André de
_eAUT
245 0 _aVida íntima de Beethoven
_b
260 _c0
300 _a222 páginas :
_c20 cm.
650 _aABD
654 _aCAU
942 _cLIB
_dJUS
_fJUS
_2ddc
_n
999 _c24111
_d24111